[Event "Summer Cup"]
[Site "Wellington Chess Club"]
[Date "2015.02.19"]
[Round "3"]
[White "Scarlett, William"]
[Black "Collings, Alex"]
[Result "1-0"]
[WhiteElo "1325"]
[BlackElo "1089"]

1. e4 e5 2. Nf3 Nc6 3. Bb5 f6 4. Nc3 d6 5. Bxc6+ bxc6 6. d3 d5 7. O-O dxe4 8.
dxe4 Qxd1 9. Rxd1 Bg4 10. Rd3 Rd8 11. Rxd8+ Kxd8 12. Nd2 Bb4 13. a3 Ba5 14. b4
Bb6 15. Nc4 Bd4 16. Bb2 Be2 17. Nxe2 Bxb2 18. Nxb2 Ne7 19. f4 exf4 20. Nxf4 Kc8
21. Nc4 Rd8 22. Ne6 Rd4 1-0

[Event "Summer Cup"]
[Site "Wellington Chess Club"]
[Date "2015.02.19"]
[Round "3"]
[White "Sole, Christopher"]
[Black "Wight, Joshua"]
[Result "0-1"]
[WhiteElo "1120"]
[BlackElo "1328"]

1. e4 e5 2. Nf3 d6 3. Bc4 Nf6 4. d3 Bg4 5. h3 Bxf3 6. Qxf3 Be7 7. Bg5 c6 8. Nc3
O-O 9. Bxf6 Bxf6 10. O-O Nd7 11. Rfe1 b5 12. Bb3 Nb6 13. a3 a5 14. Ne2 d5 15.
exd5 cxd5 16. c3 Qd6 17. Ng3 Rfd8 18. Rad1 b4 19. cxb4 axb4 20. axb4 Qxb4 21.
d4 e4 22. Qc3 Qxc3 23. bxc3 Ra3 24. Rb1 Rc8 25. Rec1 Bxd4 26. cxd4 Rxc1+ 27.
Rxc1 Rxb3 28. Kf1 g6 29. Ke2 Rd3 30. Rd1 Rxd1 31. Kxd1 Kf8 32. Ke2 Nc4 33. f4
f5 34. Nf1 h6 35. Nd2 Nxd2 36. Kxd2 g5 37. fxg5 hxg5 38. g3 Kf7 39. h4 gxh4 40.
gxh4 f4 41. Ke2 Kg6 42. Kf2 Kh5 43. Kg2 Kxh4 0-1

[Event "Summer Cup"]
[Site "Wellington Chess Club"]
[Date "2015.02.19"]
[Round "3"]
[White "Stone, Andrew"]
[Black "Cunningham, Patrick"]
[Result "1-0"]
[WhiteElo "2069"]
[BlackElo "1700"]

1. e4 c5 2. d4 cxd4 3. c3 d3 4. Bxd3 e5 5. Nf3 Nc6 6. Be3 Nf6 7. O-O Be7 8. c4
O-O 9. Nc3 d6 10. h3 b6 11. Rc1 Bb7 12. Qd2 Qd7 13. Rfd1 Rad8 14. Bb1 Rfe8 15.
Bg5 a6 16. Bxf6 Bxf6 17. Nd5 Be7 18. Nxb6 Qc7 19. Nd5 Qb8 20. b4 Ba8 21. b5 Nd4
22. Nxd4 Bxd5 23. exd5 exd4 24. Qb4 axb5 25. cxb5 Bf6 26. Rc6 g6 27. Bd3 Re7
28. a4 Re5 29. Qb3 Rde8 30. Kf1 Qd8 31. b6 Qe7 32. Qb1 Rxd5 33. b7 Re5 34. Rc8
Kg7 35. Rxe8 Qxe8 36. b8=Q Qxa4 37. Qxd6 1-0

[Event "Summer Cup"]
[Site "Wellington Chess Club"]
[Date "2015.02.19"]
[Round "3"]
[White "Theodosiou, Andreas"]
[Black "Meravanage, Satwik"]
[Result "1-0"]
[WhiteElo "1329"]
[BlackElo "1300"]

1. e4 e5 2. Nf3 Nc6 3. d4 exd4 4. Nxd4 Bc5 5. Be3 Nxd4 6. Bxd4 Bxd4 7. Qxd4 Nf6
8. e5 Qe7 9. Be2 Ng8 10. Nc3 c6 11. O-O-O Nh6 12. Bd3 O-O 13. Kb1 b6 14. Rhg1
f5 15. exf6 Rxf6 16. Rde1 Qf7 17. Qe4 g6 18. Bc4 d5 19. Nxd5 Kh8 20. Nxf6 Qxf6
21. Qe8+ Kg7 22. Re7+ Nf7 23. Rxf7+ {fs} 1-0

[Event "Summer Cup"]
[Site "Wellington Chess Club"]
[Date "2015.02.19"]
[Round "3"]
[White "Van der Hoorn, Mark"]
[Black "Stracy, Don"]
[Result "1/2-1/2"]
[WhiteElo "2234"]
[BlackElo "1863"]

1. e4 c5 2. b4 cxb4 3. a3 d5 4. exd5 Qxd5 5. Bb2 Nc6 6. c4 Qe4+ 7. Qe2 Bf5 8.
Nf3 e6 9. d3 Qxe2+ 10. Bxe2 bxa3 11. Bc3 Rd8 12. d4 a2 13. Nbd2 Bb4 14. Bxb4
Nxb4 15. O-O Nf6 16. Bd1 O-O 17. Bb3 Ne4 18. Nxe4 Bxe4 19. Bxa2 Nxa2 20. Rxa2
Bxf3 1/2-1/2

[Event "Summer Cup"]
[Site "Wellington Chess Club"]
[Date "2015.02.19"]
[Round "3"]
[White "Wastney, Scott"]
[Black "Pomeroy, Arthur"]
[Result "0-1"]
[WhiteElo "2445"]
[BlackElo "2105"]

1. e4 c5 2. Nf3 d6 3. d4 cxd4 4. Nxd4 Nf6 5. Nc3 a6 6. Bc4 b5 7. Bb3 e6 8. Bg5
Be7 9. Qf3 Qb6 10. O-O-O O-O 11. Be3 Qb7 12. Rhe1 Nbd7 13. Nd5 exd5 14. Bxd5
Nxd5 15. exd5 Ne5 16. Qg3 Bf6 17. f4 Nc4 0-1

[Event "Summer Cup"]
[Site "Wellington Chess Club"]
[Date "2015.02.26"]
[Round "4"]
[White "Asher, Bruce"]
[Black "Asplet, Mike"]
[Result "1/2-1/2"]
[BlackElo "1582"]
[EventDate "2015.02.26"]
[WhiteElo "1000"]

1.e4 e5 2.Nf3 Nc6 3.Bb5 a6 4.Bxc6 dxc6 5.Nxe5 Qd4 6.Nf3 Qxe4+ 7.Qe2 Qxe2+
8.Kxe2 Nf6 9.Re1 Bc5 10.Kf1+ Be6 11.Ng5 Ke7 12.Nc3 h6 13.Nge4 Ba7 14.b3 Rhe8
15.Ba3+ Kd7 16.Nc5+ Bxc5 17.Bxc5 Rad8 18.Re3 Nd5 19.Rd3 Kc8 20.Re1 Nxc3
21.dxc3 Bf5 22.Rxd8+ Kxd8 23.Rd1+ Kc8 24.Rd2 Rd8 1/2-1/2

[Event "Summer Cup"]
[Site "Wellington Chess Club"]
[Date "2015.02.26"]
[Round "4"]
[White "Brockway, Andrew"]
[Black "Jackson, Ross"]
[Result "1/2-1/2"]
[WhiteElo "1791"]
[BlackElo "1977"]

1. e4 c5 2. Nc3 a6 3. f4 Nc6 4. Nf3 g6 5. g3 Bg7 6. Bg2 e6 7. O-O Nge7 8. d3 d5
9. Nh4 O-O 10. f5 exf5 11. exf5 Nxf5 12. Nxf5 Bxf5 13. Nxd5 Be6 14. Nf4 Bd7 15.
Kh1 Rc8 16. Bd2 b5 17. Bc3 Nd4 18. Re1 Bc6 19. Bxc6 Rxc6 20. Bxd4 Bxd4 21. Qf3
Rd6 22. c3 Bg7 23. Qe3 Qa8+ 24. Qe4 Qxe4+ 25. Rxe4 Rfd8 26. Rae1 Bf8 27. Re8
Kg7 28. Rxd8 Rxd8 29. Re3 Kf6 30. Ne2 Bh6 31. Rf3+ Kg7 32. Kg2 f5 33. Nf4 Re8
34. Kf2 Bxf4 1/2-1/2

[Event "Summer Cup"]
[Site "Wellington Chess Club"]
[Date "2015.02.26"]
[Round "4"]
[White "Coghini, Phillip"]
[Black "Theodosiou, Andreas"]
[Result "1-0"]
[WhiteElo "1747"]
[BlackElo "1329"]

1. d4 Nf6 2. c4 d5 3. Nc3 e6 4. Bg5 Bb4 5. Qc2 dxc4 6. a3 Ba5 7. Nf3 Nc6 8. e3
b5 9. Be2 Bb7 10. O-O Bxc3 11. bxc3 Na5 12. Bxf6 Qxf6 13. Nd2 O-O 14. a4 a6 15.
Rfb1 Qg5 16. g3 Rad8 17. axb5 Nb3 18. Nxb3 cxb3 19. Rxb3 axb5 20. Rxb5 Bd5 21.
c4 c6 22. Rba5 Rc8 23. cxd5 cxd5 24. Rc5 Rxc5 25. dxc5 Rc8 26. c6 Qe5 27. Ra7
Qb8 28. Rb7 Qa8 29. Qc5 Rb8 30. Qb6 Rxb7 31. Qxb7 1-0

[Event "Summer Cup"]
[Site "Wellington Chess Club"]
[Date "2015.02.26"]
[Round "4"]
[White "Cunningham, Patrick"]
[Black "Wight, Joshua"]
[Result "1/2-1/2"]
[WhiteElo "1700"]
[BlackElo "1328"]

1. d4 d5 2. c4 c6 3. Nc3 Nf6 4. Nf3 Bg4 5. e3 e6 6. Be2 Nbd7 7. O-O g6 8. b3
Qa5 9. Bb2 Bg7 10. h3 Bxf3 11. Bxf3 O-O 12. Qc2 Rac8 13. Rfd1 b5 14. c5 Qc7 15.
e4 Qb7 16. e5 Ne8 17. Bc1 f6 18. exf6 Bxf6 19. Qe2 Ng7 20. Bh6 Rce8 21. Bxg7
Bxg7 22. Qd3 e5 23. dxe5 Nxe5 24. Bxd5+ cxd5 25. Qg3 Rd8 26. Rac1 Rfe8 27. Qg5
Nf7 28. Qg4 Bxc3 29. Rxc3 Qc6 30. b4 Re4 31. Qg3 Rxb4 32. Rcd3 Qxc5 33. a3 Rc4
34. h4 d4 35. Qf4 Qe5 36. Qf3 Rd5 37. Rb1 a6 38. Kf1 Rc3 39. Re1 Rxd3 40. Qxd3
Qc7 41. Re8+ Kg7 42. Qe4 Qc4+ 43. Kg1 d3 44. Qe7 Rf5 45. Qf8+ Kf6 46. Qe7+
1/2-1/2

[Event "Summer Cup"]
[Site "Wellington Chess Club"]
[Date "2015.02.26"]
[Round "4"]
[White "Dive, Russell"]
[Black "Croad, Nicolas"]
[Result "0-1"]
[WhiteElo "2411"]
[BlackElo "2366"]

1. Nf3 Nf6 2. c4 e6 3. g3 d5 4. Bg2 Be7 5. O-O O-O 6. b3 c5 7. cxd5 Nxd5 8. Bb2
Nc6 9. a3 b6 10. Nc3 Nxc3 11. Bxc3 Bb7 12. Qc2 Bf6 13. b4 cxb4 14. axb4 Rc8 15.
Bxf6 Qxf6 16. Qb3 Rfd8 17. d3 a6 18. Rfc1 Ne5 19. Nxe5 Rxc1+ 20. Rxc1 Bxg2 21.
Qb2 Ba8 22. Rc7 a5 23. Rxf7 Qg5 24. bxa5 bxa5 25. h4 Qh5 26. Ra7 Rf8 27. Rxa5
Rc8 28. Nc4 Qg4 29. Ra7 Kh8 30. Ne3 Qg6 31. Ng2 Kg8 32. Nf4 Qf6 33. Qxf6 Rc1+
0-1

[Event "Summer Cup"]
[Site "Wellington Chess Club"]
[Date "2015.02.26"]
[Round "4"]
[White "Farrington, Lawrence"]
[Black "Stone, Andrew"]
[Result "0-1"]
[WhiteElo "1837"]
[BlackElo "2069"]

1. e4 a6 2. d4 b5 3. a3 Bb7 4. Nc3 Nf6 5. e5 Nd5 6. Nxd5 Bxd5 7. Nf3 e6 8. g3
c5 9. c3 Qb6 10. Be3 Qb7 11. Bg2 d6 12. O-O Nd7 13. exd6 Bxd6 14. Nh4 Bxg2 15.
Nxg2 c4 16. Qg4 Bf8 17. Rfe1 Nf6 18. Qe2 Be7 19. Rad1 O-O 20. Nf4 Rfd8 21. Nh5
Rd5 22. Nxf6+ Bxf6 23. f4 a5 24. Ra1 Rad8 25. Rad1 Qc6 26. Bf2 g6 27. Qf3 Qd7
28. Re4 Rb8 29. Qe2 Qc6 30. Qc2 b4 31. axb4 axb4 32. Ree1 Ra5 33. cxb4 Rxb4 34.
Qc3 Rab5 35. Rc1 Rxb2 36. Qxc4 Qf3 37. Qf1 Qd5 38. Qd3 h5 39. Qe4 R2b4 40. Rcd1
Qd6 41. Qa8+ Kg7 42. Re4 Rb2 43. Qa4 Qd5 44. Rde1 Ra2 45. Qd1 Qf5 46. Qf3 Ra4
47. Rd1 Rbb4 48. Qg2 Qd5 49. Be3 Ra2 50. Qf3 Rbb2 51. Bc1 Rg2+ 52. Kh1 Rxh2+
53. Kg1 Rag2+ 54. Kf1 Rf2+ 55. Qxf2 Rxf2+ 56. Kxf2 Qxe4 0-1

[Event "Summer Cup"]
[Site "Wellington Chess Club"]
[Date "2015.02.26"]
[Round "4"]
[White "Griffiths, Tudor"]
[Black "Van der Hoorn, Mark"]
[Result "0-1"]
[WhiteElo "1400"]
[BlackElo "2234"]

1. d4 Nf6 2. Bg5 Ne4 3. Bc1 e6 4. Nd2 f5 5. Ngf3 b6 6. Nxe4 fxe4 7. Bg5 Be7 8.
Bxe7 Qxe7 9. Nd2 e3 10. Nf3 Qb4+ 11. c3 Qxb2 12. Qc1 exf2+ 13. Kxf2 Qxc1 14.
Rxc1 Bb7 15. g3 O-O 16. Bg2 d6 17. Rhf1 Nd7 18. Kg1 Rae8 19. Nd2 Bxg2 20. Rxf8+
Rxf8 21. Kxg2 e5 22. Rf1 Rxf1 23. Kxf1 exd4 24. cxd4 Kf7 25. Kf2 Ke6 26. e4 c5
27. d5+ Ke5 28. Ke3 b5 29. Nf3+ Kf6 30. h4 Ne5 31. Nxe5 Kxe5 32. g4 a5 33. g5
a4 34. h5 a3 35. h6 g6 36. Kd3 Kf4 37. Kc3 Kxe4 0-1

[Event "Summer Cup"]
[Site "Wellington Chess Club"]
[Date "2015.02.26"]
[Round "4"]
[White "Lamerton, Troy"]
[Black "Konakanchi, Karthik"]
[Result "1-0"]
[BlackElo "1349"]
[EventDate "2015.02.26"]
[WhiteElo "1731"]

1.e4 e5 2.Nf3 Nc6 3.d4 Nxd4 4.Nxd4 exd4 5.Qxd4 Qe7 6.Bf4 d6 7.Nc3 Nf6 8.O-O-O
g6 9.e5 dxe5 10.Bxe5 Bg7 11.Bb5+ c6 12.Bd6 Qe6 13.Rhe1 Ne4 14.Qxg7 1-0

[Event "Summer Cup"]
[Site "Wellington Chess Club"]
[Date "2015.02.26"]
[Round "4"]
[White "Meravanage, Satwik"]
[Black "Sole, Christopher"]
[Result "1/2-1/2"]
[WhiteElo "1300"]
[BlackElo "1120"]

1. d4 d5 2. Bf4 Nf6 3. e3 Nc6 4. c4 dxc4 5. Nc3 Be6 6. h3 Nd5 7. Bh2 Nxc3 8.
bxc3 Qd7 9. e4 O-O-O 10. d5 Bxd5 11. Qxd5 Qxd5 12. exd5 Rxd5 13. Bxc4 Rc5 14.
Bxf7 Rxc3 15. Nf3 g6 16. Be6+ Kb8 17. Ne5 Bg7 18. Nd7+ Kc8 19. O-O Nd8 20. Nc5+
Kb8 21. Na6+ bxa6 22. Rab1+ Nb7 23. Bd5 Rc5 24. Rxb7+ Kc8 25. Bf3 Be5 26. Bxe5
Rxe5 27. Rc1 Kd8 28. Rcxc7 Re1+ 29. Kh2 Rf8 30. Bg4 Ke8 31. Rb8+ Kf7 32. Rxf8+
Kxf8 33. Rxa7 h5 34. Bf3 Re6 35. Bb7 Rb6 36. Rxa6 Rxb7 37. Rxg6 Rb2 38. Kg3
Rxa2 39. Rh6 Ra5 40. Kh4 Ra2 41. Rxh5 Rxf2 1/2-1/2

[Event "Summer Cup"]
[Site "Wellington Chess Club"]
[Date "2015.02.26"]
[Round "4"]
[White "Pomeroy, Arthur"]
[Black "Ker, Anthony"]
[Result "0-1"]
[WhiteElo "2105"]
[BlackElo "2435"]

1. e4 d6 2. d4 Nf6 3. Nc3 g6 4. f4 Bg7 5. Nf3 c5 6. Bb5+ Bd7 7. e5 Ng4 8. Bxd7+
Qxd7 9. d5 dxe5 10. h3 e4 11. Nxe4 Nf6 12. Nxf6+ Bxf6 13. O-O Na6 14. Ne5 Qc7
15. Qf3 O-O 16. Ng4 Bd4+ 17. Kh1 f5 18. Nf2 c4 19. Be3 Bg7 20. Rad1 Rad8 21.
Bd4 Bxd4 22. Rxd4 b5 23. Qe2 Qc5 24. Qe6+ { (=) } 24... Rf7 25. Rfd1 Nc7 26.
Qe5 Rd6 27. R1d2 Ne8 28. b3 Nf6 29. g4 Nd7 30. Qe3 Rxd5 31. bxc4 bxc4 32. Qc3
e6 33. Rxc4 Qxc4 34. Qxc4 Rxd2 35. Nd3 Nf8 36. Qc3 Re2 37. Kg1 Rb7 0-1

[Event "Summer Cup"]
[Site "Wellington Chess Club"]
[Date "2015.02.26"]
[Round "4"]
[White "Rose, Nathan"]
[Black "Tsau, Eric"]
[Result "1-0"]
[BlackElo "1000"]
[EventDate "2015.02.26"]
[WhiteElo "1469"]

1.e4 e5 2.f4 f6 3.fxe5 c6 4.Nf3 b5 5.d4 Bb7 6.c4 d6 7.cxb5 c5 8.Nc3 cxd4
9.Nxd4 Qd7 10.e6 Qc8 11.Bd3 Qc5 12.Be3 Ne7 13.O-O a6 14.Rc1 axb5 15.Ncxb5
Qxc1 16.Qxc1 Na6 17.Nxd6+ Kd8 18.Nxb7+ Ke8 19.Bb5+ Nc6 20.Qxc6+ Ke7 21.Qd7#
1-0

[Event "Summer Cup"]
[Site "Wellington Chess Club"]
[Date "2015.02.26"]
[Round "4"]
[White "Sknar, Andrew"]
[Black "List, Robert"]
[Result "0-1"]
[BlackElo "1663"]
[EventDate "2015.02.26"]
[WhiteElo "1039"]

1.e4 c5 2.Nf3 d6 3.Bc4 a6 4.Ng5 e6 5.Nf3 b5 6.Be2 Bb7 7.Nc3 b4 8.Nb1 Bxe4
9.d3 Bc6 10.Be3 Nf6 11.O-O Nbd7 12.d4 cxd4 13.Nxd4 Bb7 14.c3 Nd5 15.Qd3 Ne5
16.Qd2 bxc3 17.Nxc3 Nxe3 18.Qxe3 Be7 19.Bf3 Nxf3+ 20.Nxf3 O-O 21.Qd3 Rc8
22.Rfe1 Rc5 23.Nd2 { Can't work it out. } 0-1

[Event "Summer Cup"]
[Site "Wellington Chess Club"]
[Date "2015.02.26"]
[Round "4"]
[White "Sole, Michael"]
[Black "Aumeier, Beate"]
[Result "1-0"]
[WhiteElo "1621"]
[BlackElo "1226"]

1. e4 e5 2. Nf3 Nc6 3. Bb5 Nge7 4. O-O a6 5. Ba4 b5 6. Bb3 h6 7. d3 Ng6 8. Re1
Bc5 9. c3 O-O 10. Nbd2 d6 11. Nf1 Bg4 12. h3 Bxf3 13. Qxf3 Qd7 14. Ng3 Nce7 15.
Be3 Nh4 16. Qh5 Nhg6 17. Bxh6 Nf4 18. Bxf4 exf4 19. Nf5 Rae8 20. d4 Bb6 21. Qg5
Nxf5 22. Qxf5 Qxf5 23. exf5 c5 24. dxc5 Bxc5 25. Kf1 Kh7 26. Rxe8 Rxe8 27. Bxf7
Re7 28. Bg6+ Kh6 29. Re1 d5 30. Rxe7 Bxe7 31. Ke2 Kg5 32. Kf3 Bd6 33. g3 Bc7
34. h4+ 1-0

[Event "Summer Cup"]
[Site "Wellington Chess Club"]
[Date "2015.02.26"]
[Round "4"]
[White "Stracy, Don"]
[Black "Nyberg, Michael"]
[Result "0-1"]
[BlackElo "2099"]
[EventDate "2015.02.26"]
[WhiteElo "1863"]

1.e4 c5 2.Nf3 d6 3.d4 cxd4 4.Nxd4 Nf6 5.Nc3 g6 6.Be3 Bg7 7.f3 O-O 8.Qd2 Nc6
9.Bc4 Bd7 10.O-O-O Rc8 11.Bb3 Ne5 12.h4 h5 13.Bg5 a5 14.Kb1 b5 15.Bxf6 Bxf6
16.Nd5 Bg7 17.Nf4 Nc4 18.Bxc4 Rxc4 19.Nfe2 a4 20.b3 Rc5 21.Rc1 e5 22.Nxb5
Bxb5 23.Nc3 Qa5 0-1

[Event "Summer Cup"]
[Site "Wellington Chess Club"]
[Date "2015.02.26"]
[Round "4"]
[White "Timergazi, Layla"]
[Black "Stoeveken, Peter"]
[Result "1-0"]
[WhiteElo "2074"]
[BlackElo "1829"]

1. e4 c5 2. Nc3 Nc6 3. f4 e6 4. Nf3 a6 5. g3 b5 6. Bg2 Bb7 7. d3 d6 8. O-O Be7
9. a4 b4 10. Ne2 Nf6 11. b3 h5 12. h4 Ng4 13. f5 exf5 14. exf5 Qd7 15. Ng5 Bf6
16. Rb1 Nd4 17. Bxb7 Qxb7 18. Ne4 O-O-O 19. Nxf6 Nxe2+ 20. Qxe2 Nxf6 21. Bb2
Rde8 22. Qd2 Nd5 23. Rbe1 f6 24. Re4 Qd7 25. Rfe1 Ne7 26. Qe2 Kd8 27. d4 Qxf5
28. Rxe7 1-0

[Event "Summer Cup"]
[Site "Wellington Chess Club"]
[Date "2015.02.26"]
[Round "4"]
[White "Zhao, Aiden"]
[Black "Dixon, Hamish"]
[Result "0-1"]
[BlackElo "1500"]
[EventDate "2015.02.26"]
[WhiteElo "1000"]

1.e4 c5 2.Nf3 d6 3.Nc3 Nc6 4.Bb5 Bd7 5.O-O Nf6 6.d3 g6 7.Bg5 Bg7 8.Bxf6 Bxf6
9.a4 O-O 10.Ra3 a6 { Can't work it out. } 0-1

[Event "Summer Cup"]
[Site "Wellington Chess Club"]
[Date "2015.03.12"]
[Round "5"]
[White "Asplet, Mike"]
[Black "Scarlett, William"]
[Result "1-0"]
[WhiteElo "1582"]
[BlackElo "1325"]

1. e4 c6 2. d4 d5 3. e5 f6 4. exf6 Nxf6 5. Nf3 Bg4 6. h3 Bh5 7. Be2 e6 8. Ne5
Bxe2 9. Qxe2 Bd6 10. Bg5 Qe7 11. O-O Na6 12. Nxc6 bxc6 13. Qxa6 c5 14. Qc6+ Qd7
15. Qxa8+ 1-0

[Event "Summer Cup"]
[Site "Wellington Chess Club"]
[Date "2015.03.12"]
[Round "5"]
[White "Croad, Nicolas"]
[Black "Ker, Anthony"]
[Result "1/2-1/2"]
[WhiteElo "2366"]
[BlackElo "2435"]

1. d4 d6 2. c4 e5 3. d5 f5 4. e4 fxe4 5. Nc3 Nf6 6. Nge2 Bf5 7. Ng3 Bg6 8. h4
h6 9. Ngxe4 Bxe4 10. Nxe4 Nxe4 11. Qh5+ Ke7 12. Qg4 Nc5 13. Bg5+ hxg5 14. Qxg5+
Ke8 15. Qg6+ 1/2-1/2

[Event "Summer Cup"]
[Site "Wellington Chess Club"]
[Date "2015.03.12"]
[Round "5"]
[White "Cunningham, Patrick"]
[Black "Dixon, Hamish"]
[Result "0-1"]
[WhiteElo "1700"]
[BlackElo "1500"]

1. d4 Nf6 2. c4 d5 3. Nc3 c6 4. Nf3 Bf5 5. Bg5 Nbd7 6. e3 e6 7. Be2 Be7 8. O-O
O-O 9. cxd5 exd5 10. Nh4 Be6 11. Nf3 Ne4 12. Bxe7 Qxe7 13. Qb3 Ndf6 14. Rac1
Bg4 15. Rfd1 Rfe8 16. Ne5 Bf5 17. Na4 Rab8 18. Nc5 Nxc5 19. Rxc5 Ne4 20. Rcc1
Qh4 21. g3 Qf6 22. Bf3 Bh3 23. Bxe4 dxe4 24. f3 exf3 25. Rd2 Be6 26. Qc3 Qf5
27. Rf2 Bd5 28. Rcf1 Qg5 29. Nxf3 Qxe3 30. Qxe3 Rxe3 31. Ne5 f6 32. Nd7 Rd8 33.
Nc5 b6 34. Na4 Bxa2 35. Nc3 Bc4 36. Rc1 Rxd4 37. Ra1 a5 38. Na4 b5 39. Nb6 a4
40. Rc1 Kf7 41. Rf5 Re5 42. Rf2 Re6 43. Nxc4 Rxc4 44. Rd1 Rce4 45. Rd7+ Re7 46.
Rd6 R7e6 47. Rd8 Re2 48. Rxe2 Rxe2 49. Rd6 Rxb2 50. Rxc6 a3 0-1

[Event "Summer Cup"]
[Site "Wellington Chess Club"]
[Date "2015.03.12"]
[Round "5"]
[White "Forster, Bill"]
[Black "Lamerton, Troy"]
[Result "1-0"]
[WhiteElo "2081"]
[BlackElo "1731"]

1. d4 Nf6 2. Nc3 d5 3. Bg5 Bf5 4. f3 e6 5. e4 dxe4 6. fxe4 Bg4 7. Bxf6 Qxf6 8.
Qxg4 Qxd4 9. Bd3 Nc6 10. O-O-O Be7 11. Nf3 Qe3+ 12. Kb1 Bf6 13. Rhe1 Qc5 14. e5
Nxe5 15. Qa4+ Nc6 16. Ne4 Qe7 17. Nxf6+ Qxf6 18. Ne5 O-O 19. Nd7 Qe7 20. Nxf8
Rxf8 21. Qe4 g6 22. h4 Rd8 23. Bb5 Rd6 24. Rxd6 Qxd6 25. Bxc6 Qxc6 26. Qxc6
bxc6 27. Re3 Kg7 28. Ra3 f5 29. Rxa7 Kf6 30. Kc1 e5 31. Kd2 1-0

[Event "Summer Cup"]
[Site "Wellington Chess Club"]
[Date "2015.03.12"]
[Round "5"]
[White "Jackson, Ross"]
[Black "Aldridge, Alan"]
[Result "1/2-1/2"]
[WhiteElo "1977"]
[BlackElo "1966"]

1. d4 Nf6 2. c4 e6 3. Nc3 Bb4 4. e3 O-O 5. Bd3 d5 6. Ne2 b6 7. O-O Bb7 8. a3
Be7 9. Qc2 Nbd7 10. cxd5 exd5 11. b4 c5 12. dxc5 bxc5 13. bxc5 Rc8 14. Rb1 Ba8
15. Qa2 Nxc5 16. Bf5 Rb8 17. f3 Qa5 18. Bd2 Qa6 19. Nd4 Ne6 20. Ndb5 Bc5 21.
Kh1 Qc6 22. a4 a6 23. Bxe6 fxe6 24. Nd4 Qd7 25. Rxb8 Rxb8 26. Rb1 Rc8 27. Nb3
Bd6 28. Ne2 e5 29. Rc1 Rxc1+ 30. Bxc1 Bc6 31. a5 Qf5 32. e4 Qe6 33. Nd2 Kf7 34.
exd5 Bxd5 35. Qa4 e4 36. Nxe4 Nxe4 37. fxe4 Bxe4 38. Qd1 Qg4 39. Qf1+ Kg8 40.
Bf4 Bb4 41. Ng3 Bd5 42. Bc7 Bc4 43. Qc1 1/2-1/2

[Event "Summer Cup"]
[Site "Wellington Chess Club"]
[Date "2015.03.12"]
[Round "5"]
[White "List, Robert"]
[Black "Stracy, Don"]
[Result "1-0"]
[WhiteElo "1663"]
[BlackElo "1863"]

1. e4 c5 2. Nc3 Nc6 3. f4 g6 4. Nf3 Bg7 5. Bc4 e6 6. O-O Nge7 7. Qe1 a6 8. a3
b5 9. Ba2 Bb7 10. d3 b4 11. Ne2 bxa3 12. c3 axb2 13. Bxb2 d5 14. e5 Nf5 15. Ng3
Nxg3 16. Qxg3 Ne7 17. Qf2 Rc8 18. Ba3 Qc7 19. d4 cxd4 20. cxd4 O-O 21. Qh4 Nf5
22. Qf2 Rfe8 23. g4 Ne7 24. Rfc1 Qd7 25. Bc5 Nc6 26. Qh4 Qd8 27. Qg3 Bf8 28.
Bxf8 Rxf8 29. h4 Ne7 30. h5 Qd7 31. h6 Rxc1+ 32. Rxc1 Rc8 33. Rf1 Qe8 {Neither
scoresheet makes sense. White won} 1-0

[Event "Summer Cup"]
[Site "Wellington Chess Club"]
[Date "2015.03.12"]
[Round "5"]
[White "Nyberg, Michael"]
[Black "Timergazi, Layla"]
[Result "1/2-1/2"]
[WhiteElo "2099"]
[BlackElo "2074"]

1. e4 c6 2. d4 d5 3. f3 e6 4. Nc3 Qb6 5. Nge2 Nf6 6. Qd3 Na6 7. a3 Bd7 8. Na4
Qa5+ 9. Nec3 c5 10. e5 c4 11. Qd2 Ng8 12. b4 Nxb4 13. axb4 Bxb4 14. Bb2 Bxa4
15. Rxa4 Qxa4 16. Nxa4 Bxd2+ 17. Kxd2 b5 18. Nc5 a5 19. Nb7 b4 20. c3 Nh6 21.
g4 Ke7 22. Be2 Rhb8 23. Nc5 f6 24. f4 fxe5 25. fxe5 Rf8 26. Ra1 Rfb8 27. Na4
Nf7 28. h4 Nd8 29. Rf1 Nc6 30. Ra1 Rf8 31. Ke3 Rfb8 32. Rf1 bxc3 33. Bxc3 Rb3
34. Kd2 Ra3 35. Bd1 Nb4 36. g5 Rb8 37. h5 Ra2+ 38. Ke3 Rf8 39. Rxf8 Kxf8 40.
Nc5 Ke7 41. Bg4 Nc2+ 42. Kf4 Ra3 43. Bb2 Ra2 44. Bc3 Nb4 45. Bxe6 Nd3+ 46. Nxd3
Kxe6 47. Nc5+ Ke7 48. Nb7 a4 49. Bb4+ Kf7 50. Nd6+ Ke6 51. Ne8 Rb2 52. Nc7+ Kd7
53. Nxd5 Rb3 54. h6 gxh6 55. gxh6 a3 56. Bxa3 Rxa3 57. Nb6+ Kc6 58. Nxc4 Ra4
59. Nd6 Rxd4+ 60. Kf5 Kd7 61. Ne4 Ke7 62. Nf6 Rd8 63. Nxh7 Rh8 64. Nf6 Kf7 65.
h7 Kg7 66. e6 Rf8 67. e7 Rxf6+ 68. Ke5 Rh6 69. e8=Q Rxh7 70. Kf5 Rh6 71. Qe7+
Kg8 72. Kg5 Rh7 73. Qe8+ Kg7 74. Qg6+ Kh8 75. Kf6 Rf7+ 76. Ke5 Re7+ 77. Kd4
Rd7+ 78. Kc4 Rc7+ 79. Kd4 Rd7+ 1/2-1/2

[Event "Summer Cup"]
[Site "Wellington Chess Club"]
[Date "2015.03.12"]
[Round "5"]
[White "Roberts, Michael"]
[Black "Wilkins, Mark"]
[Result "0-1"]
[WhiteElo "1721"]
[BlackElo "1954"]

1. e4 c6 2. d4 d5 3. e5 Bf5 4. Bd3 Bxd3 5. Qxd3 e6 6. Nf3 Nd7 7. b3 c5 8. Bb2
Qb6 9. O-O Nh6 10. Nc3 cxd4 11. Na4 Qc6 12. Bxd4 b5 13. Qc3 Qxc3 14. Nxc3 a6
15. Ne2 Rc8 16. c3 Be7 17. Ng3 O-O 18. Rfe1 Rc6 19. b4 Rfc8 20. a4 bxa4 21.
Rxa4 f6 22. Rea1 fxe5 23. Nxe5 Nxe5 24. Bxe5 Nf7 25. f4 Nxe5 26. fxe5 Rxc3 27.
Rxa6 Bxb4 28. Rxe6 Rc1+ 29. Rxc1 Rxc1+ 30. Kf2 Kf7 31. Ra6 Be1+ 32. Kf3 Rc3+
33. Kg4 Bxg3 34. hxg3 Rc4+ 35. Kf5 g6+ 36. Kg5 Re4 37. Ra7+ Ke6 38. Rxh7 d4 39.
Rh1 Kxe5 40. Rh8 d3 41. Ra8 d2 42. Rd8 Rd4 43. Re8+ Kd5 0-1

[Event "Summer Cup"]
[Site "Wellington Chess Club"]
[Date "2015.03.12"]
[Round "5"]
[White "Rossiter, Philip"]
[Black "Dive, Russell"]
[Result "0-1"]
[WhiteElo "1935"]
[BlackElo "2435"]

1. c4 e5 2. Nc3 Nc6 3. Nf3 g6 4. g3 Bg7 5. Bg2 f5 6. d3 Nf6 7. Rb1 a5 8. O-O
O-O 9. Nd5 h6 10. Bd2 d6 11. a3 Be6 12. Nxf6+ Qxf6 13. b4 axb4 14. axb4 e4 15.
Ne1 Kh7 16. Nc2 Ne5 17. Be3 c6 18. Nd4 Bf7 19. Qc2 d5 20. cxd5 cxd5 21. Nb3
Rfc8 22. Qd2 exd3 23. exd3 Qa6 24. Bd4 Qxd3 25. Qxd3 Nxd3 26. Bxg7 Kxg7 27. Nc5
Nxc5 28. bxc5 Ra7 29. Rfc1 Rc7 30. Rb6 Ra5 31. h4 Raxc5 32. Rxc5 Rxc5 33. Rxb7
Rc1+ 34. Kh2 Rd1 35. Bf3 Rd2 36. Kg2 Kf6 37. Rb6+ Be6 38. Kf1 g5 39. hxg5+ hxg5
40. Ke1 Rd4 41. Ke2 Ke5 42. Bg2 Ra4 43. Rb5 f4 44. gxf4+ gxf4 45. Bf3 Kd4 46.
Rb6 Bf5 47. Rf6 Ra2+ 48. Kf1 Ke5 49. Rf8 Be4 50. Re8+ Kd4 51. Bxe4 dxe4 52.
Rd8+ Ke5 53. Re8+ Kf5 54. Rg8 Ra1+ 55. Ke2 f3+ 56. Ke3 Re1+ 57. Kd4 Rd1+ 58.
Kc3 Rf1 59. Rf8+ Kg4 60. Kd4 Rxf2 61. Kxe4 Re2+ 62. Kd3 Kg3 63. Rg8+ Kf2 64.
Rh8 Re7 65. Rg8 Rd7+ 0-1

[Event "Summer Cup"]
[Site "Wellington Chess Club"]
[Date "2015.03.12"]
[Round "5"]
[White "Sellen, Ian"]
[Black "Coghini, Phillip"]
[Result "1-0"]
[WhiteElo "2095"]
[BlackElo "1747"]

1. c4 e5 2. Nc3 Nf6 3. Nf3 d6 4. g3 c6 5. Bg2 Be7 6. O-O Be6 7. b3 h6 8. d4 e4
9. Nd2 d5 10. e3 Na6 11. a3 Nc7 12. Qe2 Qd7 13. f3 exf3 14. Nxf3 Bg4 15. Qf2
Bxf3 16. Qxf3 O-O-O 17. cxd5 cxd5 18. Bd2 Kb8 19. Rfc1 Rc8 20. Qf1 g5 21. Na4
Ne6 22. Qf5 Qb5 23. Nc3 Rxc3 24. Rxc3 Qe2 25. Rac1 a6 26. Qd3 Qxd3 27. Rxd3
Bxa3 28. Ra1 Be7 29. Rc3 g4 30. Rf1 Ng5 31. Rc2 Rf8 32. Bb4 Ng8 33. Bxe7 Nxe7
34. Rf6 Rh8 35. Rc5 Rd8 36. Kf2 Ne6 37. Rc3 Ng5 38. Rxh6 f5 39. Rc5 Ne4+ 40.
Bxe4 dxe4 41. Re5 1-0